| 000 | 00677nam a2200193 i 4500 | ||
|---|---|---|---|
| 001 | 25497 | ||
| 003 | ES-MaACL | ||
| 005 | 20250928093909.0 | ||
| 007 | t| | ||
| 008 | 021226s1961 pr ||||1| spa d | ||
| 100 | 1 |
_aArce de Vázquez, Margot. _922459 |
|
| 245 | 1 | 0 |
_aGarcilaso de la Vega _b: contribución a la lírica española del siglo XVI / _cpor Margot Arce de Vázquez. |
| 260 |
_aPuerto Rico : _bUniversidad, _c[1961] |
||
| 300 |
_a144 p. ; _c27 cm. |
||
| 600 | 1 | 7 |
_aGarcilaso de la Vega, _d1501-1536- _xCrítica e interpretación _2 _9150105 |
| 710 | 2 |
_aUniversidad de Puerto Rico _97273 |
|
| 852 |
_aES-MaACL _jC-22958 _bR.47608 |
||
| 999 |
_c25497 _d25497 |
||